MLB Teams With Least Subscribers on YouTube - Statistics

General Stats
  • This quiz has been taken 31 times
    4 since last reset
  • The average score is 8 of 10
Answer Stats
Number of Subscribers MLB Team % Correct
16.3K Colorado Rockies
100%
24.7K Washington Nationals
100%
26.3K Athletics
75%
39.7K Cleveland Guardians
75%
39.4K Kansas City Royals
75%
15.8K Miami Marlins
75%
40.9K Minnesota Twins
75%
46.4K Pittsburgh Pirates
75%
23.8K Tampa Bay Rays
75%
42.4K Arizona Diamondbacks
50%
No matching quizzes found
Score Distribution
Percent of People with Each Score
Percentile by Number Answered
Your Score History
You have not taken this quiz since the last reset